Statistics for Know Your Bible: Catholic Old Testament

Click here to take the quiz!

General Stats

  • This quiz has been taken 129 times
  • The average score is 30 of 46

Answer Stats

HintAnswer% Correct
LawGenesis
100%
LawExodus
98%
LawLeviticus
91%
LawNumbers
91%
LawDeuteronomy
89%
Historical1 Kings
86%
Historical2 Kings
86%
WisdomPsalms
85%
HistoricalRuth
85%
Historical1 Samuel
80%
Historical2 Samuel
80%
WisdomJob
80%
HistoricalEsther
75%
PropheticJeremiah
75%
HistoricalJoshua
75%
HistoricalJudges
72%
PropheticDaniel
71%
PropheticEzekiel
69%
WisdomProverbs
68%
PropheticIsaiah
65%
Historical1 Chronicles
63%
Historical2 Chronicles
63%
WisdomSong of Songs
63%
Historical1 Maccabees
62%
Historical2 Maccabees
62%
PropheticMalachi
58%
WisdomEcclesiastes
57%
HistoricalEzra
57%
WisdomWisdom
57%
PropheticJonah
55%
HistoricalNehemiah
54%
PropheticJoel
52%
PropheticMicah
52%
HistoricalTobit
52%
PropheticZechariah
52%
PropheticAmos
51%
PropheticObadiah
51%
PropheticHosea
48%
HistoricalJudith
48%
PropheticLamentations
46%
PropheticZephaniah
45%
PropheticBaruch
43%
PropheticNahum
43%
PropheticHabakkuk
42%
PropheticHaggai
37%
WisdomSirach
32%

Score Distribution

Percentile by Number Answered

Percent of People with Each Score

Your Score History

You have not taken this quiz